Zhodnotenie podmienok podnikania a činnosti vybraného podniku v Slovenskej republike diplomová práca

Guardado en:
Detalles Bibliográficos
Autor principal: Laláková, Zuzana
Autor Corporativo: Fakulta podnikového manažmentu EU. Katedra podnikovohospodárska
Otros Autores: Šúbertová, Elena
Formato: Libro
Lenguaje:eslovaco
Publicado: Bratislava 2011
Etiquetas: Agregar Etiqueta
Sin Etiquetas, Sea el primero en etiquetar este registro!

MARC

LEADER 00000nbm a2200000 4500
001 0131538
005 20161109101712.4
041 0 |a slo 
044 |a SK 
245 1 0 |a Zhodnotenie podmienok podnikania a činnosti vybraného podniku v Slovenskej republike  |b diplomová práca  |c Zuzana Laláková ; školiteľ: Elena Šúbertová 
264 1 |a Bratislava  |c 2011 
300 |a 84 s. 
100 1 |a Laláková, Zuzana 
700 1 |a Šúbertová, Elena 
710 2 |a Fakulta podnikového manažmentu EU. Katedra podnikovohospodárska